000 00938nam a22002417a 4500
999 _c163175
_d163175
005 20211007165350.0
010 _aB-719515 B-741720
020 _a9788121908719
_c675.00
035 _aB-719515
035 _aB-741720
037 _bAksharesh Enterprises
037 _bGift
082 _a621.3
100 _aMehta, V.K.
245 _aBasic electrical engineering:
_bfor B.E./B.Tech. and other engineering examinations /
_cV.K. Mehta [and] Rohit Mehta
260 _aNew Delhi
_bS. Chand
_c2018
270 _a7361, Ram Nagar, Qutab Road
_bNew Delhi
_e110055
300 _aix, 989p.:
_bill.
_c24cm(pbk)
700 _aMehta, Rohit
942 _2ddc
_cEN
_h621.3
_mMEH